<?xml version="1.0" encoding="UTF-8"?><?xml-stylesheet type="text/xsl" href="static/style.xsl"?><OAI-PMH xmlns="http://www.openarchives.org/OAI/2.0/" xmlns:xsi="http://www.w3.org/2001/XMLSchema-instance" xsi:schemaLocation="http://www.openarchives.org/OAI/2.0/ http://www.openarchives.org/OAI/2.0/OAI-PMH.xsd"><responseDate>2026-04-17T03:47:36Z</responseDate><request verb="GetRecord" identifier="oai:www.recercat.cat:10459.1/47748" metadataPrefix="marc">https://recercat.cat/oai/request</request><GetRecord><record><header><identifier>oai:recercat.cat:10459.1/47748</identifier><datestamp>2024-12-05T22:21:55Z</datestamp><setSpec>com_2072_3622</setSpec><setSpec>col_2072_479130</setSpec></header><metadata><record xmlns="http://www.loc.gov/MARC21/slim" xmlns:dcterms="http://purl.org/dc/terms/" xmlns:xsi="http://www.w3.org/2001/XMLSchema-instance" xmlns:doc="http://www.lyncode.com/xoai" xsi:schemaLocation="http://www.loc.gov/MARC21/slim http://www.loc.gov/standards/marcxml/schema/MARC21slim.xsd">
   <leader>00925njm 22002777a 4500</leader>
   <datafield ind2=" " ind1=" " tag="042">
      <subfield code="a">dc</subfield>
   </datafield>
   <datafield ind2=" " ind1=" " tag="720">
      <subfield code="a">Marín, José M.</subfield>
      <subfield code="e">author</subfield>
   </datafield>
   <datafield ind2=" " ind1=" " tag="720">
      <subfield code="a">Zalba, Belén</subfield>
      <subfield code="e">author</subfield>
   </datafield>
   <datafield ind2=" " ind1=" " tag="720">
      <subfield code="a">Cabeza, Luisa F.</subfield>
      <subfield code="e">author</subfield>
   </datafield>
   <datafield ind2=" " ind1=" " tag="720">
      <subfield code="a">Mehling, Harald</subfield>
      <subfield code="e">author</subfield>
   </datafield>
   <datafield ind2=" " ind1=" " tag="260">
      <subfield code="c">2015-01-28T09:31:14Z</subfield>
   </datafield>
   <datafield ind2=" " ind1=" " tag="260">
      <subfield code="c">2025-01-01</subfield>
   </datafield>
   <datafield ind2=" " ind1=" " tag="260">
      <subfield code="c">2005</subfield>
   </datafield>
   <datafield ind2=" " ind1=" " tag="520">
      <subfield code="a">This work aims at designing a thermal energy storage (TES) using air as heat transfer medium, efficient mainly for&#xd;
free-cooling but also for other applications, improving the low heat transfer rates dues to the thermal conductivity of&#xd;
the materials usually employed in these systems, phase change materials (PCM). In this paper, free-cooling means the&#xd;
storage of cold from the night to be used during the day to cool down a room. An experimental set-up has been constructed&#xd;
to simulate the application. The loading and unloading processes (melting and freezing of the PCM) have two&#xd;
disadvantages: a relative long duration, in the range from 3 to 8 h, and a very high power consumption of the fans.&#xd;
Using a porous matrix of graphite where the PCM is embedded, both handicaps can be noticeably overcome. The application&#xd;
is studied, both experimentally and numerically.</subfield>
   </datafield>
   <datafield ind2=" " ind1=" " tag="520">
      <subfield code="a">This work was partially funded by the Spanish project DPI2002-04082-C02-01 2003-2005 (Plan Nacional de Investigación Científica, Desarrollo e Innovación Tecnológica 2000–2003), for the Government of Aragón (DGA) and the Research Vicerectorate of the University of Zaragoza.</subfield>
   </datafield>
   <datafield ind1="8" ind2=" " tag="024">
      <subfield code="a">http://hdl.handle.net/10459.1/47748</subfield>
   </datafield>
   <datafield ind2="0" ind1="0" tag="245">
      <subfield code="a">Improvement of a thermal energy storage using plates with paraffin–graphite composite</subfield>
   </datafield>
</record></metadata></record></GetRecord></OAI-PMH>